Entrada Nombre de reunión
Número de registros utilizados en: 1
001 - NÚMERO DE CONTROL
003 - IDENTIFICADOR DEL NÚMERO DE CONTROL
- campo de control:
DR-UNIBE
005 - FECHA Y HORA DE LA ÚLTIMA TRANSACCIÓN
- campo de control:
20250731111406.0
008 - DATOS DE LONGITUD FIJA
- campo de control de longitud fija:
250731|| aca||aabn | a|a d
040 ## - FUENTE DE LA CATALOGACIÓN
- Centro catalogador/agencia de origen:
DR-UNIBE
- Centro/agencia transcriptor:
DR-UNIBE
111 ## - ENCABEZAMIENTO--NOMBRE DE CONGRESO/REUNIÓN
- Nombre de congreso/reunión o jurisdicción como elemento de entrada:
República Dominicana.
- Sede del congreso/Lugar de la reunión:
Secretaría de Estado de Finanzas
670 ## - FUENTE DE DATOS ENCONTRADOS
- Cita de la fuente:
Work cat.: (DR-UNIBE)113955: República Dominicana. Secretaría de Estado de Finanzas, Ley no. 567-05 del 30 de diciembre del 2005, y su reglamento de aplicación decreto no. 441-06 df. 3 de octubre 2006, 2006